000 00909nas a2200313 4500
001 BR0905365
003 BR-BrBNA
005 20231205113640.0
007 ta
008 230509b bl.|||p| |||| 00| 00por d
040 _aBR-BrBNA
_bpor
_cBiblioteca Nacional de Agricultura
041 _a(Pt)
072 _aF04; F01
100 1 _aBertolin, D.C.
100 1 _aSá, M.E.A de
100 1 _aBuzetti, S.
100 1 _aOliveira, L.L.
100 1 _aLopes, E.M.
100 1 _aSá, M.E.A de
100 1 _aBuzetti, S.
245 1 _aDoses de fósforo, potássio e espançamentos entre linhas alteram o teor de proteína em grãos de guandu
650 _aGRÃO
650 _aRENDIMENTO
650 _aGUANDU
650 _aADUBAÇÃO
773 0 _tScientia Agrária (Brazil)
_xISSN 1519-1125
_g(2007), v. 8(4) p. 405-409
_wBR0905365
909 _a202311
_bLúcia
_c55
_dLúcia Elande
942 _2AGRIS
_n0
_cANA
999 _c204877
_d204877